000 00696cam a22002293a 4500
001 18562
003 PGUSA
005 20140828083409.0
008 060612s2006||||xxu|||||s|||||000 | eng d
040 _aPGUSA
_beng
042 _adc
050 4 _aGB
100 1 _aShaler, Nathaniel Southgate,
_d1841-1906
245 1 0 _aOutlines of the Earth's History :
_bA Popular Study in Physiography
_h[electronic resource] /
_cNathaniel Southgate Shaler
260 _bProject Gutenberg,
_c2006
506 _aPublic domain in the USA.
516 _aElectronic text
653 _aPhysical geography
830 0 _aProject Gutenberg
_v18562
856 4 0 _uhttp://www.gutenberg.org/ebooks/18562
942 _cEB
999 _c247817
_d247817